| 000 | 00479nam a22001577a 4500 | ||
|---|---|---|---|
| 999 |
_c8460 _d8460 |
||
| 008 | 201125b ||||| |||| 00| 0 eng d | ||
| 040 | _aBMS College of Architecture | ||
| 100 | _aM A, Prerana | ||
| 245 | _aVertical farming training and research centre Bangalore | ||
| 300 | _aNA | ||
| 500 | _a1BM14AT067 | ||
| 502 |
_8B,Arch _NBMS College of Architecture, Visvesvaraya Technological University (VTU) _aProject report _d2018 |
||
| 650 | _aNA | ||
| 700 | _aNA | ||
| 942 |
_2ddc _cTHE |
||